| 000 | 00663nam a2200217Ia 4500 | ||
|---|---|---|---|
| 003 | IN-BaIIA | ||
| 008 | 211028s9999 xx 000 0 eng d | ||
| 020 | _a3-540-43151-9 | ||
| 040 | _cIIA Library | ||
| 080 |
_a620.3 _bHEI |
||
| 100 |
_aHeilmann, Andreas _930611 |
||
| 245 | 0 |
_aPolymer films with embedded metal nanoparticles _cAndreas Heilmann |
|
| 260 |
_aBerlin _bSpringer _c2003 |
||
| 300 | _ax, 216p. | ||
| 490 | _aSpringer series in material science; v. 52 | ||
| 650 |
_aMetal clusters _926746 |
||
| 650 |
_aNanoparticles _929049 |
||
| 650 |
_aPolymers _925453 |
||
| 650 |
_aThin films _93173 |
||
| 942 | _cBK | ||
| 999 |
_c16494 _d16494 |
||